000 00636nam a2200205 i 4500
001 37365
003 ES-MaACL
005 20250907063038.0
007 t|
008 030220s1908 xxk ||||1| eng d
100 1 _aButler, Samuel,
_d1612-1680
_9156029
245 1 0 _aCharacters and passages from note-books /
_cSamuel Butler ; edited by A. R. Waller.
260 _aCambridge :
_b[John Clay],
_c1908.
300 _aXII, 490 p. ;
_c20 cm.
490 1 _aCambridge English Classics
700 1 _aWaller, A. R.
_9115961
830 0 _aCambridge English Classics
_9181697
852 _aES-MaACL
_jC-755
999 _c37365
_d37365